Labour market absorption of return migrants in Kerala (Record no. 509648)

000 -LEADER
fixed length control field 00473nam a2200169 4500
008 - FIXED-LENGTH DATA ELEMENTS--GENERAL INFORMATION
fixed length control field 190517b ||||| |||| 00| 0 eng d
100 ## - MAIN ENTRY--PERSONAL NAME
Personal name Azad, P.
245 ## - TITLE STATEMENT
Title Labour market absorption of return migrants in Kerala
260 ## - PUBLICATION, DISTRIBUTION, ETC. (IMPRINT)
Date of publication, distribution, etc 2018
300 ## - PHYSICAL DESCRIPTION
Extent p.457-481.
650 ## - SUBJECT ADDED ENTRY--TOPICAL TERM
Topical term or geographic name as entry element Migrants - India - Kerala
9 (RLIN) 5746
700 ## - ADDED ENTRY--PERSONAL NAME
Personal name Sujathan, P.K.
9 (RLIN) 5747
700 ## - ADDED ENTRY--PERSONAL NAME
Personal name Maya, K.
9 (RLIN) 5748
773 ## - HOST ITEM ENTRY
Main entry heading Indian Journal of Economics
906 ## - LOCAL DATA ELEMENT F, LDF (RLIN)
Subject DIP Labour market
942 ## - ADDED ENTRY ELEMENTS (KOHA)
Source of classification or shelving scheme
Item type Articles
Holdings
Withdrawn status Lost status Source of classification or shelving scheme Damaged status Not for loan Permanent location Current location Date acquired Serial Enumeration / chronology Barcode Date last seen Koha item type
          Indian Institute of Public Administration Indian Institute of Public Administration 2019-05-17 98(390), Jan, 2018: p.457-481. AR119780 2019-05-17 Articles

Powered by Koha